02828agaaa2200301 45000010005000000030009000050050017000140070009000310080040000400400023000800410013001031000047001161300015001632450187001782500022003652600124003873000034005115080223005455110091007685201331008595380016021905460013022066500055022197000069022747000056023437000059023997000068024585354IT-RoPAU20220918181230.0d cvaizq50131s9999||||xx ||| | || ||und|| aIT-RoPAUcIT-RoPAU aITALIANO aOldoini EnricogCodice regista SPICS: 3092 aDON MATTEO aDON MATTEOcProdotto da: Jacchia A. Bizzarri -- Sceneggiatura: Bencivenni Alessandro Saverni Domenico -- Diretto da: Oldoini EnricopDON MATTEO (Rif. Codice opera principale : H5354) aEdizione Standard a(ITALIA)bLUX VIDE - RAI FICTION / Distribuzione: MULTIMEDIA SAN PAOLOg"2000 (1° ed.: 2005 ; Ed. Lingua Orig.: 2000)" aDVDbsonoro, col.c240 minuti a"Fotografia: Lucci Fabrizio; Montaggio: Crociani Raimondo; Musica: Donaggio Pino; Sceneggiatura: Bencivenni Alessandro Saverni Domenico; Scenografia: Rizzato Marisa; Soggetto: Bencivenni Alessandro -- Saverni Domenico" a"Hill Terence; Insinna Flavio; Frassica Nino; Guelta' Natalie; Gori Evelina; Ricci C." aQUESTI DUE DVD CONTENGONO 4 EPISODI DELLA PRIMA SERIE TV. 1-ANNA: ANNA, UNA RAGAZZA ALBANESE INSERITASI NELLA COMUNITA' GRAZIE ALL'AIUTO DI DON MATTEO, VIENE SOSPETTATA DI FURTO. I SUOI DATORI DI LAVORO L'ACCUSANO DI AVER RUBATO UNA GROSSA SOMMA IN SOLDI E ARGENTERIA. DON MATTEO, PARLANDO CON ANNA, SCOPRE CHE LA RAGAZZA VIENE RICATTATA DA ALCUNI ALBANESI CHE VOGLIONO RIPORTARLA SUL MARCIAPIEDE... 2-LA STRATEGIA DELLO SCORPIONE: IL CADAVERE DI UN DETENUTO VIENE SCOPERTO MENTRE DON MATTEO E' IN CARCERE PER SOSTITUIRE ILCAPPELLANO. L'ARMA DEL DELITTO RECA LE IMPRONTE DI UN ALTRO CARCERATO. DONMATTEO AIUTA IL PADRE DI NERINO A RIVELARE UN PARTICOLARE A COSTO DI ALTRIMESI DI DETENZIONE... 3-IL PICCOLO ANGELO: CRISTINA, LA MAMMA DI UN NEONATO, VIENE TROVATA IN COMA IN SEGUITO AD UNA COLLUTTAZIONE E DEL PICCOLO NON C'E' TRACCIA. IL PIRMO INDAGATO E' L'EX FIDANZATO DELLA RAGAZZA MADRE. IL GIOVANE RINALDI AFFERMA, PERO', DI NON SAPERE NULLA DE' DELL'INCIDENTE A CRISTINA NE' DELLA SCOMPARSA DEL PICCOLO... 4-IN ATTESA DI GIUDIZIO: DON MATTEO SI INTERESSA PERSONALMENTE DELLA CAUSA RIGUARDANTE LA MORTE DEL MARITO DINONNA ELIDE, MA VIENE COINVOLTO IN UN OMICIDIO. I CARABINIERI NON POSSONO FAR ALTRO CHE ARRESTARE I SACERDOTE TROVATO CON LA PISTOLA IN MANO...ALLEGATO ANCHE UN LIBRO ISPIRATORE DELLA SERIE CON DUE EPISODI. aPAL, STEREO aITALIANO aGIALLOeDVD-FILM [DVD]xCodice MATERIA SPICS: 9947 aBencivenni Alessandro e(soggetto)gCodice Soggetto SPICS: 11783 aDonaggio Pinoe(musica)gCodice Musica SPICS: 13658 aOldoini Enrico e(regista)gCodice regista SPICS: 3092 aSaverni Domenico e(soggetto)gCodice Soggetto 2° SPICS: 58073